ბათუმის შოთა რუსთაველის სახელმწიფო უნივერსიტეტის ბიბლიოთეკა

მეგრული ტექსტები - I : (ხობი, ქვემო ქვალონი) = The Megrelian texts - I : (Khobi, Kvemo Kvaloni) / (ბიბ.ჩანაწერი № 55257)

000 -ლიდერი
ფიქსირებული სიგრძის საკონტროლო ველი 01777nam a2200265Ia 4500
001 - საკონტროლო ნომერი
საკონტროლო ველი 22333
003 - საკონტროლო ნომრის იდენტიფიკატორი
საკონტროლო ველი GE_BSU
005 - ბოლო ოპერაციის თარიღი და დრო
საკონტროლო ველი 20250801123556.0
008 - ფიქსირებული სიგრძის მონაცემთა ელემენტები - ზოგადი ინფორმაცია
ფიქსირებული სიგრძის საკონტროლო ველი 181216s||||||||xx |||||||||||||| ||und||
020 ## - წიგნის საერთაშორისო სტანდარტული ნომერი
International Standard Book Number 9789941459900
040 ## - კატალოგიზაციის წყარო
Transcribing agency GE_BSU
080 ## - უნივერსალური ათობითი კლასიფიკაციის ინდექსი
Universal Decimal Classification number 821.353.32.34+821.353.321-1
100 ## - მთავარი ჩანაწერი - პიროვნების სახელი
Personal name დადიანი, ეკა
9 (RLIN) 9743
245 ## - ცნობა სათაურის შესახებ
Title მეგრული ტექსტები - I : (ხობი, ქვემო ქვალონი) = The Megrelian texts - I : (Khobi, Kvemo Kvaloni) /
Statement of responsibility, etc ეკა დადიანი ; ტექნ. რედაქტორი მალხაზ დოგრაშვილი ; აკაკი წერეთლის სახელმწ. უნ-ტი, ქართველური დიალექტოლოგიის სამეცნ.-კვლევითი მიმართულება.
264 ## - წარმოების, გამოცემის, დისტრიბუციის და სხვა ცნობები
გამოცემის, წარმოების, დისტრიბუციის... ადგილი ქუთაისი :
გამოცემის, წარმოების, დისტრიბუციის... სახელწოდება აკაკი წერეთლის სახელმწ. უნ-ტის გამ-ბა,
გამოცემის, წარმოების, დისტრიბუციის... თარიღი 2015.
300 ## - ფიზიკური აღწერა
Extent 610 გვ. :
Other physical details ფოტ. ;
Dimensions 21 სმ.
Accompanying material + 1 CD.
504 ## - BIBLIOGRAPHY, ETC. NOTE
Bibliography, etc ბიბლიოგრ. : ტექსტის შენიშვნებში
520 ## - SUMMARY, ETC.
Summary, etc გარეკანზე : ხობის ყოვლადწმინდა ღვთისმშობლის მიძინების სახელობის დედათა მონასტერი (XIII-XIV სს.).
653 ## - INDEX TERM--UNCONTROLLED
Uncontrolled term მეგრული ტექსტები - I
653 ## - INDEX TERM--UNCONTROLLED
Uncontrolled term სამეგრელოს ეთნოგრაფია
653 ## - INDEX TERM--UNCONTROLLED
Uncontrolled term მეგრული წეს-ჩვეულებები
653 ## - INDEX TERM--UNCONTROLLED
Uncontrolled term ხობი, ქვემო ქვალონი
942 ## - ADDED ENTRY ELEMENTS (KOHA)
Koha item type წიგნი
Source of classification or shelving scheme
ეგზემპლარები
ჩამოწერის სტატუსი დაკარგული ეგზემპლარის სტატუსი დაზიანების სტატუსი არ გაიცემა შეძენის თარიღი შტრიხკოდი ბოლო ოპერაციის თარიღი ფასის ძალაში შესვლის თარიღი ეგზემპლარის სახეობა
        2018-12-17 28083 2018-12-17 2018-12-17 წიგნი